000 01655cam a2200457 ic4500
999 _c11991
_d11991
001 vtls000196693
003 NUKAT
005 20180612115514.0
008 031023s1968 pl g d |000 0 pol c
035 _azz2003990138
039 9 _a201804090851
_bpublu
_c201711141416
_duwm
_c201502121205
_dkopub
_c201408121026
_dkul
040 _aTOR U/lf
_cTOR U/lf
_dTOR U/LF
_dLUBL U/ILs
_dKR 93/MKs
_dWA 72/OMK
041 1 _apol
_afre
_aeng
_heng
099 _ahh_300321
100 1 _aNixon, James William.
245 1 0 _aSłownik terminów statystycznych.
_nT. 2,
_pFrancusko-angielsko-polski /
_c[przekł. z jęz. ang. na jęz. pol. dokonała Janina Jaślan].
260 _aWarszawa :
_bGłówny Urząd Statystyczny,
_c1968.
300 _aXVIII, 155 s. :
_berr. ;
_c21 cm.
500 _aOprac. na podst. słownika: Glossary of terms in official statistics / J. W. Nixon.
500 _aDruk trójszp.
546 _aWstęp, uwagi oraz tekst równol. w jęz. ang., fr., pol.
650 _aStatystyka
_vsłowniki wielojęzyczne.
700 1 _aJaślan, Janina.
_eTł.
710 1 _aPolska.
_bGłówny Urząd Statystyczny.
_4pbl
942 _2ddc
_cBK
960 _aGD_U
967 _aLUBL_U